Natalie Portman Movies - Sudden Death - Statistics

General Stats
  • This quiz has been taken 235 times
    226 since last reset
  • The average score is 5 of 14
Answers on the Grid
Answers color-coded by a green-red scale on the quiz's grid according to % correct below.
Contact
My Blueberry Nights
Room
Jumper
Now and Then
Cold Mountain
Friends with Benefits
Looper
Thor: Ragnarok
Star Wars: Episode III – Revenge of the Sith
Romeo + Juliet
Heat
Thor
The Social Network
Women Talking
May December
The Notebook
No Strings Attached
Black Swan
Pineapple Express
Annihilation
The Young Victoria
Closer
Star Wars: Episode VII – The Force Awakens
V for Vendetta
Garden State
American Beauty
Blade Runner 2049
On the Basis of Sex
Wonder Woman 1984
The Other Boleyn Girl
The Darjeeling Limited
 
Answer Stats
Answer % Correct
Black Swan
61%
Star Wars: Episode III – Revenge of the Sith
59%
Thor
49%
V for Vendetta
45%
Closer
36%
The Other Boleyn Girl
31%
Cold Mountain
30%
No Strings Attached
29%
May December
28%
Annihilation
26%
My Blueberry Nights
26%
Garden State
20%
Heat
17%
The Darjeeling Limited
12%
No matching quizzes found
Score Distribution
Percent of People with Each Score
Percentile by Number Answered
Your Score History
You have not taken this quiz since the last reset